| 000 | 00471nam a2200193Ia 4500 | ||
|---|---|---|---|
| 005 | 20251020182613.0 | ||
| 008 | 200515s9999 xx 000 0 und d | ||
| 082 | _aSC/69.05(083.2)/C29 | ||
| 110 | _aCAPECO | ||
| 245 | 0 | _aFormularios prácticos para organizar una obra de construcción | |
| 250 | _a4a ed. | ||
| 260 | _aLima | ||
| 260 | _c1983 | ||
| 300 | _a99 | ||
| 650 | _aFORMULARIOS | ||
| 650 | _aORGANIZACION DE OBRAS | ||
| 650 | _aPUB CAPECO | ||
| 942 | _cLIB | ||
| 999 |
_c3406 _d3406 |
||